| 000 | 00709nam a22001697a 4500 | ||
|---|---|---|---|
| 999 |
_c10072 _d10072 |
||
| 008 | 180731b ||||| |||| 00| 0 eng d | ||
| 082 |
_22017 _aUT 0965 _bP25 |
||
| 100 |
_929744 _aParreño, Samuel John E. |
||
| 245 |
_aPerformance in mathematics of the indigenous and non-indigenous students in selected scholols in davao del sur / _cSameul John E. Parreño, Nessie Bem M, Bersabe, Melyn Joy C. Canomay |
||
| 260 |
_aDigos City : _bUMDC _cNovember 2017 |
||
| 300 |
_a73 pages ; _b29 cm. |
||
| 650 | 0 |
_929745 _aEducation _vMathematics _xUndergraduate thesis. |
|
| 700 |
_929746 _aParreño, Samuel John E. |
||
| 700 |
_929747 _aBersabe, Nessie Bem M. |
||
| 700 |
_929748 _aCanomay, Melyn Joy C. |
||
| 942 |
_2ddc _cUT |
||